| 000 | 00622nam a2200181Ia 4500 | ||
|---|---|---|---|
| 008 | 100921s9999 xx 000 0 und d | ||
| 082 |
_b27161 _a891.463 थ 94 |
||
| 100 | _aबापट मुकुंद. | ||
| 245 | _aमित्रा. | ||
| 260 |
_bसूर्याक्षरविविधा प्रकाशन,पुणे. _c1994 |
||
| 300 |
_a186 _bगोकुळ मासिक,पुणे |
||
| 365 | _b96 | ||
| 520 | _aललित-कादंबरी. | ||
| 630 | _aमित्रा. | ||
| 650 | _aललित-कादंबरी. | ||
| 730 | _aमित्रा. | ||
| 942 | _cBOOK | ||
| 999 |
_c776274 _d776271 |
||